000
00358nam a2200145 a 4500
008
100
_a
Hammett Dashiel
245
4
_a
The maltese falcon the thin man red harvest
907
_a
.b10174862
_b
08-09-05
_c
08-09-05
003
005
20230123134105.0
040
_c
NUST
049
_a
MAIN
942
_c
BOOKS
999
_c
159883
_d
159883